000 00426nam a22001577a 4500
020 _a9788126510887
040 _cNUST
082 _a530 RES
100 _aResnik, Robert
_9111622
110 _aHalliday, David Krane, Kenneth S.
_999972
245 _aPhysics. Volume 1
250 _a5th Edition
260 _aNew Dheli:
_bJohn Wiley & Sons,
_c2016.
650 _aDME TEXTBOOK PHYSICS VOLUME 1
_9111623
942 _2ddc
_cTEXT
999 _c594404
_d594404